Principles of Accounting

Đã lưu trong:
書目詳細資料
主要作者: Reeve, James M
其他作者: Warren, Carl S.
格式: 圖書
語言:Undetermined
出版: Mason, OH: Thomson South-Western 2007
主題:
在線閱讀:http://lrc.tdmu.edu.vn/opac/search/detail.asp?aID=2&ID=7205
標簽: 添加標簽
沒有標簽, 成為第一個標記此記錄!
Thư viện lưu trữ: Trung tâm Học liệu Trường Đại học Thủ Dầu Một
LEADER 00635nam a2200205Ia 4500
001 TDMU_7205
008 210410s9999 xx 000 0 und d
082 |a 657 
090 |b R201 
100 |a Reeve, James M 
245 0 |a Principles of Accounting 
245 0 |c James M. Reeve, Carl S. Warren, Jonathan E. Duchac 
260 |a Mason, OH: Thomson 
260 |b South-Western 
260 |c 2007 
300 |a xxxi, 1176 
650 |a Accounting; Kế toán 
700 |a Warren, Carl S. 
856 |u http://lrc.tdmu.edu.vn/opac/search/detail.asp?aID=2&ID=7205 
980 |a Trung tâm Học liệu Trường Đại học Thủ Dầu Một